000 00416nam a2200181Ia 4500
003 GCL
008 140319s9999 xx 000 0 eng d
040 _aGCL /
_cGCL
082 0 4 _aCH
_b823.087
_bH A
100 1 _aHAILY, ARTHUR
245 1 0 _aAIRPORT /
_cHAILY, ARTHUR
260 _a[S.N] :
_bLONGMAN ،
_c1991
300 _a123
650 0 4 _aVOYAGES
650 0 4 _aTOURISM
650 0 4 _aTRAVEL
942 _2ddc
_cBK
999 _c18245
_d18245